000 00571nam a2200229Ia 4500
003 OSt
005 20221005131241.0
006 a|||||r|||| 00| 0
007 ta
008 221004b |||||||| |||| 00| 0 kan d
024 _a61473
037 _cTextual
040 _aCRL
_cCRL
_bkan
041 _2kan
_akan
082 _aR65,6x1,1, 33K6
100 _aD.V.G.
_9639323
245 0 _aShreemad bhagavad geeta taatparya
260 _c1966
650 _aBHAGAVAD GITA
942 _hR65,6x1,1, 33K6
_cTEXL
_2cc
999 _c1059753
_d1059753